| 000 | 00503nam a2200205 4500 | ||
|---|---|---|---|
| 003 | OSt | ||
| 005 | 20180906091923.0 | ||
| 008 | 180906b xxu||||| |||| 00| 0 spa d | ||
| 040 | _cBiblioteca Ernesto Sábato | ||
| 092 |
_a895.15 _bL735-4 _eBDT |
||
| 100 | _aYutang, Lin | ||
| 245 | _aEntre lágrimas y risas | ||
| 250 | _a4a. ed | ||
| 260 |
_aBuenos Aires _bSudamericana _c1980 |
||
| 300 | _a237 p | ||
| 440 |
_aPiragua _n 52 |
||
| 650 | _aCHINA | ||
| 650 | _aLITERATURA CHINA | ||
| 942 |
_2ddc _cBDT |
||
| 999 |
_c32845 _d32845 |
||